Kétmilliárd forint fölötti nyereség ISO 9001 minőségbiztosítási rendszer a Picknél /
Elmentve itt :
| Szerző: | |
|---|---|
| Dokumentumtípus: | Cikk |
| Megjelent: |
1996-03-06
|
| Sorozat: | Délmagyarország
86 No. 56 |
| Kulcsszavak: | Szeged, Élelmiszeripar Szeged, Pick Szeged Szalámigyár és Húsüzem Rt. |
| Online Access: | http://dmarchiv.bibl.u-szeged.hu/82636 |
| LEADER | 00581nab a2200157 i 4500 | ||
|---|---|---|---|
| 001 | delm82636 | ||
| 005 | 20191015085252.0 | ||
| 008 | 191015s1996 hu o 0|| hun d | ||
| 040 | |a SZTE Délmagyarország Archívum |b hun | ||
| 041 | |a hun | ||
| 100 | 1 | |a Kovács András | |
| 245 | 1 | 0 | |a Kétmilliárd forint fölötti nyereség |h [elektronikus dokumentum] : |b ISO 9001 minőségbiztosítási rendszer a Picknél / |c Kovács András |
| 260 | |c 1996-03-06 | ||
| 300 | |a 1, 3 | ||
| 490 | 0 | |a Délmagyarország |v 86 No. 56 | |
| 695 | |a Szeged, Élelmiszeripar Szeged, Pick Szeged Szalámigyár és Húsüzem Rt. | ||